000 01171nam a22002417a 4500
999 _c5577
_d5577
005 20251125232802.0
008 s2538 th tha d
040 _aNALT
041 _atha
050 _aHD890.55 บ227พ 2538
100 0 _aบริสุทธิ์ กาสีนพิลา
245 1 0 _aพลิกคัมภีร์บางกอกแลนด์ : แลนด์ แอนด์ เฮ้าส์ ต้นตำรับพัฒนาที่ดิน [2nd]
260 3 _aกรุงเทพฯ :
_bมติชน,
_c2538
300 _a150 หน้า :
_b ภาพประกอบ ;
_c 21 ซม.
650 0 4 _aบางกอกแลนด์ แลนด์ แอนด์ เฮ้าส์
650 0 4 _aอนันต์ กาญจนพาสน์ -- ชีวประวัติ
650 0 4 _aอนันต์ อัศวโภคิน -- ชีวประวัติ
650 0 4 _aอสังหาริมทรัพย์
650 0 4 _aแลนด์ แอนด์ เฮ้าส์
850 _aNALT
856 4 0 _uhttps://hdl.handle.net/20.500.14156/336575
_71
942 _cGB
_2lcc